Statistics for Slovenia First Level Subdivisions

Click here to take the quiz!

General Stats

  • This quiz has been taken 648 times
    (647 since last reset)
  • The average score is 27 of 212

Answer Stats

Občine% Correct
Ljubljana
88%
Maribor
60%
Bled
54%
Celje
40%
Kranj
38%
Ankaran
36%
Novo Mesto
36%
Koper
35%
Nova
35%
Ajdovščina
33%
Bovec
33%
Krško
31%
Piran
31%
Ig
29%
Kranjska Gora
29%
Nova Gorica
29%
Lenart
28%
Apače
26%
Ptuj
26%
Benedikt
25%
Brežice
25%
Dravograd
25%
Kamnik
25%
Beltinci
24%
Grad
24%
Lendava
24%
Bohinjska
22%
Cerknica
22%
Litija
22%
Murska Sobota
22%
Domžale
21%
Logatec
21%
Muta
21%
Borovnica
19%
Brezovica
19%
Črnomelj
19%
Divača
19%
Izola
19%
Kanal
19%
Laško
19%
Postojna
19%
Duplek
18%
Grosuplje
18%
Jesenice
18%
Kočevje
18%
Pivka
18%
Tolmin
18%
Velenje
18%
Braslovče
17%
Cankova
17%
Cerkno
17%
Cirkulane
17%
Idrija
17%
Ilirska Bistrica
17%
Kuzma
17%
Ljubno
17%
Log-Dragomer
17%
Slovenj Gradec
17%
Dobrovnik
15%
Ljutomer
15%
Ormož
15%
Sežana
15%
Destrnik
14%
Dobrna
14%
Dobrovo
14%
Ribnica
14%
Žiri
14%
Cerkvenjak
13%
Dornava
13%
Hajdina
13%
Hodoš
13%
Horjul
13%
Hrastnik
13%
Komen
13%
Medvode
13%
Radovljica
13%
Ravne na Koroškem
13%
Škofja Loka
13%
Slovenska Bistrica
13%
Trbovlje
13%
Trebnje
13%
Žužemberk
13%
Bistrica ob Geotli
11%
Črenšovci
11%
Dobje
11%
Dobrepolje
11%
Dolpri Ljubljani
11%
Gorišnica
11%
Hoče - Slivnica
11%
Kobarid
11%
Metlika
11%
Pesnica
11%
Podčetrtek
11%
Rogaška Slatina
11%
Semič
11%
Šentjur
11%
Žalec
11%
Dobrovapolhov Gradec
10%
Gorje
10%
Gornja Radgona
10%
Kidričevo
10%
Komenda
10%
Kostel
10%
Markovci
10%
Moravske Toplice
10%
Naklo
10%
Podlehnik
10%
Radeče
10%
Sevnica
10%
Vrhnika
10%
Cerklje na Gerenjskem
8%
Gornji Grad
8%
Gornji Petrovci
8%
Hrpelje-Kozina
8%
Ivančna Gorica
8%
Juršinci
8%
Kungota
8%
Lovrenc na Pohorju
8%
Luče
8%
Mengeš
8%
Miklavž na Dravskem Polju
8%
Mirna
8%
Mirna Peč
8%
Mislinja
8%
Mozirje
8%
Oplotnica
8%
Osilnica
8%
Poljčane
8%
Prevalje
8%
Puconci
8%
Rače - Fram
8%
Radenci
8%
Radlje ob Dravi
8%
Ruše
8%
Slovenske Konjice
8%
Sveti Tomaž
8%
Vipava
8%
Železniki
8%
Črna na Gekem
7%
Gorenja Vas-Poljane
7%
Jezersko
7%
Kostanjevica na Krki
7%
Križevci
7%
Loški Potok
7%
Lukovica
7%
Majšperk
7%
Nazarje
7%
Odranci
7%
Podvelka
7%
Ribnica na Pohorju
7%
Rogatec
7%
Šenčur
7%
Sveta Ana
7%
Tabor
7%
Tržič
7%
Zagorje ob Savi
7%
Zavrč
7%
Zreče
7%
Dolenskje Toplice
6%
Kobilje
6%
Kozje
6%
Loška Dolina
6%
Mežica
6%
Mokronog-Trebelno
6%
Moravče
6%
Polzela
6%
Prebold
6%
Preddvor
6%
Razkrižje
6%
Selnica ob Dravi
6%
Šempeter - Vrtojba
6%
Šentilj
6%
Šmarje pri Jelšah
6%
Šoštanj
6%
Središče ob Dravi
6%
Starše
6%
Sveta Trojica v Slovenskih Goricah
6%
Sveti Jurij v Slovenskih Goricah
6%
Trnovska Vas
6%
Trzin
6%
Videm
6%
Vodice
6%
Žetale
6%
Makole
4%
Miren-Konstanjevica
4%
Rogašovci
4%
Šalovci
4%
Šentjernej
4%
Šentrupert
4%
Škocjan
4%
Škofljica
4%
Šmartno ob Paki
4%
Šmartno pri Litiji
4%
Sodražica
4%
Solčava
4%
Štore
4%
Sveti Andraž v Slovenskih Goricah
4%
Sveti Jurij ob Ščavnici
4%
Tišina
4%
Velika Polana
4%
Velike Lašče
4%
Vitanje
4%
Vransko
4%
Vuzenica
4%
Renče - Vogrsko
3%
Šmarješke Toplice
3%
Straža
3%
Turnišče
3%
Veržej
3%
Vojnik
3%
Žirovnica
3%
Rečica ob Savinji
1%

Score Distribution

Percentile by Number Answered

Percent of People with Each Score

Your Score History

You have not taken this quiz since the last reset